000 00258nam a22001097a 4500
008 160511b xxu||||| |||| 00| 0 eng d
020 _a0534006981
041 _aeng
080 _a316.77
245 _aTheories of learning:
_cLeland C. Swenson;
942 _2udc
_cBK
999 _c2040
_d2040